Antropología filosófica : Nosotros : urdimbre solidaria y responsable / Carlos Beorlegui (Registro nro. 45048)
[ vista simple ]
| 000 -LÍDER | |
|---|---|
| Campo fijo de descripción fija | 010640000a22002290004500 |
| 020 ## - NÚMERO INTERNACIONAL NORMALIZADO PARA LIBROS | |
| Número Internacional Normalizado del libro | 978-84-7485-637-8 |
| 082 04 - NÚMERO DE CLASIFICACIÓN DECIMAL DEWEY | |
| Número de clasificación | G 128 B481a |
| 001 - NÚMERO DE CONTROL | |
| Campo de control | 18632 |
| 100 1# - ASIENTO PRINCIPAL--NOMBRE PERSONAL | |
| Nombre personal | Beorlegui, Carlos |
| 245 10 - TÍTULO | |
| Título del Material | Antropología filosófica : Nosotros : urdimbre solidaria y responsable / Carlos Beorlegui |
| 250 ## - MENCIÓN DE EDICIÓN | |
| Mención de edición | Tercera edición |
| 260 ## - PUBLICACIÓN, DISTRIBUCIÓN, ETC. (PIE DE IMPRENTA) | |
| Lugar de publicación, distribución, etc. | Bilbao : Universidad de Deusto |
| 300 ## - DESCRIPCIÓN FÍSICA | |
| Extensión | 523 páginas |
| 336 ## - CONTENT TYPE | |
| Content type term | texto |
| Content type code | txt |
| Source | rdacontent |
| 337 ## - MEDIA TYPE | |
| Source | rdamedia |
| Media type term | sin mediación |
| Media type code | n |
| 338 ## - CARRIER TYPE | |
| Source | rdacarrier |
| Carrier type term | volumen |
| Carrier type code | nc |
| 501 ## - NOTA DE “CON” | |
| Nota de Contenido | rústico |
| 505 00 - NOTA DE CONTENIDO | |
| Nota de contenido con formato preestablecido | La antropología en búsqueda de su identidad -- Las ciencias humanas y las antropologías -- Diversidad de saberes antropológicos -- El estatuto epistemológico de la Antropología filosófica -- El estatuto crítico-ideológico de la Antropología filosófica -- Surgimiento de la Antropología filosófica -- Problemática de la Antropología filosófica y su situación actual |
| 650 14 - ASIENTO SECUNDARIO DE MATERIA - TERMINO TEMÁTICO | |
| Término temático o nombre geográfico como elemento de entrada | ANTROPOLOGIA FILOSOFICA \ FILOSOFIA Y RELIGION |
| 942 ## - TIPO DE MATERIAL (KOHA) | |
| Tipo de Item KOHA | Libros General |
| Estado de Material | Estado de Perdido | Estado de Dañado | No para Préstamo | Colección | Tomo | Biblioteca de Origen | Biblioteca Permanente | Fecha de Adquisición | Total de Préstamos | Total de Renovaciones | Signatura Topográfica | Código de Barras | Última vez visto | Última vez Préstado | Ejemplar/Existencia | Fecha de Remplazo | Tipo de Material |
|---|---|---|---|---|---|---|---|---|---|---|---|---|---|---|---|---|---|
| Colección General | Biblioteca FUSBC | Biblioteca FUSBC | 25/09/2014 | 4 | 1 | G 128 B481a | 18616 | 12/11/2021 | 18/05/2021 | 1 | 26/01/2016 | Libros General |
